Venomous Creatures- Sudden Death - Statistics

General Stats
  • This quiz has been taken 167 times
  • The average score is 8 of 24
Answers on the Grid
Answers color-coded by a green-red scale on the quiz's grid according to % correct below.
Fire Ant
Coral Snake
Gila Monster
Beaded Lizard
Komodo Dragon
Black Widow
Hornet
Honeybee
Platypus
Slow Loris
Copperhead
Cottonmouth
Lionfish
Box Jellyfish
Asp
Taipan
Brown Recluse
Sea Anemone
Stonefish
Goliath Birdeater
Blue-Ringed Octopus
Stingray
Sidewinder
Cone Snail
Thorny Devil
King Snake
Garter Snake
Newt
Millipede
Blue-Tongued Skink
Crane Fly
Anaconda
Milk Snake
Monarch Butterfly
Chinese Water Dragon
Rat Snake
Manta Ray
Corn Snake
Human
 
Answer Stats
Answer % Correct
Box Jellyfish
50%
Black Widow
47%
Blue-Ringed Octopus
44%
Lionfish
44%
Komodo Dragon
39%
Asp
37%
Stingray
37%
Copperhead
35%
Hornet
34%
Stonefish
34%
Cottonmouth
32%
Gila Monster
32%
Honeybee
31%
Fire Ant
29%
Platypus
29%
Coral Snake
27%
Sea Anemone
27%
Taipan
27%
Cone Snail
26%
Brown Recluse
23%
Slow Loris
21%
Sidewinder
18%
Beaded Lizard
15%
Goliath Birdeater
13%
No matching quizzes found
Score Distribution
Percent of People with Each Score
Percentile by Number Answered
Your Score History
You have not taken this quiz